| 000 | 00945cam a2200217 a 4500 | ||
|---|---|---|---|
| 020 | _a0821305891 (pbk.) | ||
| 082 | 0 | 0 |
_a625.80287 _bsay _cL-18, P-68 |
| 100 | 1 |
_aSayers, M. W. _943781 |
|
| 245 | 1 | 4 |
_aThe international road roughness experiment : _bestablishing correlation and a calibration standard for measurements / _cMichael W. Sayers, Thomas D. Gillespie, and Cesar A.V. Queiroz. |
| 260 |
_aWashington, D.C. : _bWorld Bank, _cc1986. |
||
| 300 |
_aix, 453 p. : _bill. ; _c28 cm. |
||
| 500 | _a"A collaborative study undertaken by The University of Michigan Transportation Research Institute ... [et al.]." | ||
| 526 |
_a0 _b0 _c0 _d625_802870000000000_SAY |
||
| 650 | 0 |
_aMCE _9379 |
|
| 650 | 0 |
_aRoads _xRiding qualities _xMeasurement. _943853 |
|
| 650 | 0 |
_aSurface roughness _xMeasurement. _943854 |
|
| 700 | 1 |
_aGillespie, T. D. _943779 |
|
| 700 | 1 |
_aQueiroz, Cesar A. V. _943855 |
|
| 710 | 2 |
_aUniversity of Michigan. _943856 |
|
| 942 |
_2ddc _cBK |
||
| 999 |
_c547712 _d547712 |
||